Selling is simple : if you don’t make it complicated (Record no. 34669)
[ view plain ]
| 000 -LEADER | |
|---|---|
| fixed length control field | 00473nam a2200193Ia 4500 |
| 020 ## - INTERNATIONAL STANDARD BOOK NUMBER | |
| ISBN | 0- 930992- 03- 2 |
| 050 ## - CALL MARK | |
| Classification number | HF 5438.25 .J63/ |
| 100 ## - STATEMENT OF RESPONSIBILITY--MAIN AUTHOR NAME | |
| Personal name | Bach, Karl |
| 245 #0 - TITLE STATEMENT | |
| Title | Selling is simple : if you don’t make it complicated |
| 250 ## - EDITION / VOLUME STATEMENT | |
| Edition / Volume statement | 2nd ed. |
| 260 ## - PUBLICATION, DISTRIBUTION, ETC. (IMPRINT) | |
| Place of publication | San Francisco |
| 260 ## - PUBLICATION, DISTRIBUTION, ETC. (IMPRINT) | |
| Name of publisher | Advance Books |
| 260 ## - PUBLICATION, DISTRIBUTION, ETC. (IMPRINT) | |
| Year of publication | 1979 |
| 300 ## - PHYSICAL DESCRIPTION | |
| Number of Pages | 546 p |
| 650 ## - SUBJECT ADDED ENTRY--TOPICAL TERM | |
| Topical Term | Business |
| 942 ## - ADDED ENTRY ELEMENTS (KOHA) | |
| Koha item type | Books |
| Withdrawn status | Lost status | Source of classification or shelving scheme | Damaged status | Not for loan | Permanent Location | Current Location | Date acquired | Accession Number | Price effective from | Koha item type |
|---|---|---|---|---|---|---|---|---|---|---|
| Library of Congress Classification | NILE UNIVERSITY OF NIGERIA - MAIN LIBRARY | NILE UNIVERSITY OF NIGERIA - MAIN LIBRARY | 04/23/2025 | 0003654 | 04/23/2025 | Books |